Gaia y Dios : (Record no. 91161)

MARC details
000 -CABECERA
campo de control de longitud fija 00654nam a2200217 a 4500
005 - FECHA Y HORA DE LA ÚLTIMA TRANSACCIÓN
campo de control 20240507063706.0
008 - ELEMENTOS DE LONGITUD FIJA--INFORMACIÓN GENERAL
campo de control de longitud fija 020830s1993 mx r 000 0 spa d
020 ## - NÚMERO INTERNACIONAL NORMALIZADO PARA LIBROS
Número Internacional Estándar del Libro 9686851038
035 ## - NÚMERO DE CONTROL DEL SISTEMA
Número de control de sistema UPN01000118798
049 ## - COLECCIÓN
Colección CG
050 #4 - SIGNATURA TOPOGRÁFICA DE LA BIBLIOTECA DEL CONGRESO
Número de clasificación BT102
Número de documento/Ítem R8.38
100 1# - ASIENTO PRINCIPAL--NOMBRE PERSONAL
Nombre de persona Ruether, Rosemary Radford
245 10 - MENCIÓN DE TÍTULO
Título Gaia y Dios :
Resto del título una teología ecofeminista para la recuperación de la tierra /
Mención de responsabilidad, etc. Resemary Radford Ruether ; tr. Marta Novo.
260 ## - PUBLICACIÓN, DISTRIBUCIÓN, ETC.
Lugar de publicación, distribución, etc. México :
Nombre del editor, distribuidor, etc. DEMAC,
Fecha de publicación, distribución, etc. c1993.
300 ## - DESCRIPCIÓN FÍSICA
Extensión 318 p.
650 #4 - ASIENTO SECUNDARIO DE MATERIA - TERMINO TEMATICO
Término de materia o nombre geográfico como elemento de entrada DIOS
9 (RLIN) 16472
650 #4 - ASIENTO SECUNDARIO DE MATERIA - TERMINO TEMATICO
Término de materia o nombre geográfico como elemento de entrada TEOLOGIA NATURAL
650 #4 - ASIENTO SECUNDARIO DE MATERIA - TERMINO TEMATICO
Término de materia o nombre geográfico como elemento de entrada FILOSOFIA DE LA NATURALEZA
9 (RLIN) 7389
650 #4 - ASIENTO SECUNDARIO DE MATERIA - TERMINO TEMATICO
Término de materia o nombre geográfico como elemento de entrada Mitología
9 (RLIN) 9786
905 ## - TIPO DE MATERIAL
Tipo de material Libro
Holdings
Estado de retiro Estado de pérdida Fuente del sistema de clasificación o colocación Estado dañado No para préstamo Código de colección Localización permanente Ubicación/localización actual Ubicación en estantería Total de préstamos Clasificación Código de barras Fecha visto por última vez Número de copia Tipo de ítem Koha
    Library of Congress Classification     Colección General Bib. Gregorio Torres Quintero Bib. Gregorio Torres Quintero Planta baja 1 BT102 R8.38 130932 31/12/2020 1 Libro